[Event "Cheliabinsk Lozovatsky Memorial-B"]
[Site "Cheliabinsk"]
[Date "2023.02.04"]
[Round "9"]
[White "Shenker, Angelina"]
[Black "Usacheva, Glafira"]
[Result "1-0"]
[WhiteElo "1750"]
[BlackElo "1879"]
[PlyCount "107"]
[EventDate "2023.01.27"]
[EventType "swiss"]
[EventRounds "10"]
[EventCountry "RUS"]
[SourceTitle "CBM 212 Extra"]
[Source "ChessBase"]
[SourceDate "2023.03.31"]
[SourceVersion "1"]
[SourceVersionDate "2023.03.31"]
[SourceQuality "1"]

1. c4 e6 2. Nf3 Nf6 3. g3 d5 4. Bg2 d4 5. 0-0 c5 6. e3 Nc6 7. exd4 cxd4 8. d3 h6 9. Nbd2 Bd6 10. a3 a5 11. b3 0-0 12. Qc2 e5 13. Re1 Re8 14. Bb2 Bf5 15. Rad1 Rc8 16. Nh4 Bg4 17. Rc1 g5 18. Nhf3 Qd7 19. h4 Qf5 20. hxg5 hxg5 21. Nh2 Qg6 22. Ne4 Nxe4 23. Bxe4 Bf5 24. Bxf5 Qxf5 25. Qe2 Kg7 26. Qf3 Qg6 27. Kg2 f5 28. Qd5 g4 29. Rh1 Rcd8 30. Qb5 Re7 31. Rcd1 Rh8 32. Qd5 Rh5 33. Bc1 Re8 34. Nxg4 Reh8 35. Rxh5 Qxh5 36. Bh6+ Rxh6 37. Nxh6 Qxh6 38. Qb5 Bxa3 39. Qxb7+ Ne7 40. Ra1 Bb4 41. Rxa5 Qd6 42. Ra6 Qc5 43. Rb6 Ba5 44. Rb5 Qc6+ 45. Qxc6 Nxc6 46. Rc5 Nb4 47. Rxa5 Nxd3 48. b4 Nxb4 49. Rxe5 Kf6 50. Rb5 Nc2 51. Rd5 d3 52. Kf1 Nb4 53. Rd8 Ke7 54. Rd4 1-0

[Event "Cheliabinsk Lozovatsky Memorial-B"]
[Site "Cheliabinsk"]
[Date "2023.02.02"]
[Round "7"]
[White "Shenker, Angelina"]
[Black "Vifleemskaia, Svetlana"]
[Result "1/2-1/2"]
[WhiteElo "1750"]
[BlackElo "1947"]
[PlyCount "71"]
[EventDate "2023.01.27"]
[EventType "swiss"]
[EventRounds "10"]
[EventCountry "RUS"]
[SourceTitle "CBM 212 Extra"]
[Source "ChessBase"]
[SourceDate "2023.03.31"]
[SourceVersion "1"]
[SourceVersionDate "2023.03.31"]
[SourceQuality "1"]

1. Nf3 Nf6 2. c4 e6 3. g3 d5 4. Bg2 d4 5. b4 c5 6. Bb2 Bd6 7. e3 dxe3 8. fxe3 cxb4 9. d4 Ng4 10. Qe2 0-0 11. 0-0 Qe7 12. Nbd2 e5 13. h3 exd4 14. hxg4 dxe3 15. Rfe1 Nc6 16. Nf1 Bxg4 17. Kh1 Rfe8 18. Qxe3 Qxe3 19. Rxe3 Bc5 20. Rxe8+ Rxe8 21. Re1 Rxe1 22. Nxe1 Be2 23. Bxc6 bxc6 24. Nd2 Be3 25. Nef3 c5 26. Kg2 a5 27. Nf1 Bh6 28. N1d2 a4 29. Kf2 Bd3 30. Ne1 Bf5 31. Ke2 Be6 32. Nef3 f6 33. Kd3 Bf5+ 34. Ke2 Be6 35. Kd3 Bf5+ 36. Ke2 1/2-1/2

[Event "Cheliabinsk Lozovatsky Memorial-B"]
[Site "Cheliabinsk"]
[Date "2023.01.29"]
[Round "3"]
[White "Shenker, Angelina"]
[Black "Sovetbekova, Nurai"]
[Result "1/2-1/2"]
[WhiteElo "1750"]
[BlackElo "2011"]
[PlyCount "60"]
[EventDate "2023.01.27"]
[EventType "swiss"]
[EventRounds "10"]
[EventCountry "RUS"]
[SourceTitle "CBM 212 Extra"]
[Source "ChessBase"]
[SourceDate "2023.03.31"]
[SourceVersion "1"]
[SourceVersionDate "2023.03.31"]
[SourceQuality "1"]

1. d4 Nf6 2. Nf3 g6 3. g3 Bg7 4. Bg2 0-0 5. c4 c5 6. 0-0 d6 7. Nc3 Nc6 8. dxc5 dxc5 9. Bf4 Nh5 10. Be3 b6 11. Qa4 Bd7 12. Qc2 Qc8 13. Rfd1 Rd8 14. Rd2 Bf5 15. Qc1 Rb8 16. Bg5 Rxd2 17. Qxd2 Qe6 18. Nd5 Be4 19. Rd1 Nf6 20. Bf4 Bxf3 21. Bxb8 Bxg2 22. Kxg2 Nxb8 23. Nxf6+ Bxf6 24. Qd8+ Kg7 25. Qxb8 Qxe2 26. Rd8 Qe4+ 27. Kg1 Qe1+ 28. Kg2 Qe4+ 29. Kg1 Qe1+ 30. Kg2 Qe4+ 1/2-1/2

[Event "Cheliabinsk Lozovatsky Memorial-B"]
[Site "Cheliabinsk"]
[Date "2023.01.27"]
[Round "1"]
[White "Shenker, Angelina"]
[Black "Benderac, Ana"]
[Result "1-0"]
[WhiteElo "1750"]
[BlackElo "2141"]
[PlyCount "51"]
[EventDate "2023.01.27"]
[EventType "swiss"]
[EventRounds "10"]
[EventCountry "RUS"]
[SourceTitle "CBM 212 Extra"]
[Source "ChessBase"]
[SourceDate "2023.03.31"]
[SourceVersion "1"]
[SourceVersionDate "2023.03.31"]
[SourceQuality "1"]

1. d4 d5 2. c4 c6 3. Nc3 Nf6 4. e3 e6 5. Nf3 Nbd7 6. Bd3 dxc4 7. Bxc4 b5 8. Bd3 Bb7 9. e4 a6 10. e5 Nd5 11. Ne4 c5 12. dxc5 Nxc5 13. Nxc5 Bxc5 14. 0-0 Nb4 15. Be2 Qb6 16. a3 Rd8 17. Qb3 Nc6 18. Bf4 0-0 19. Qc2 Nd4 20. Nxd4 Bxd4 21. Rad1 Qc6 22. Qxc6 Bxc6 23. Rd2 Rd7 24. Rc1 Be4 25. Rcd1 Rfd8 26. Be3 1-0

[Event "Cheliabinsk Panchenko Memorial op-B"]
[Site "Cheliabinsk"]
[Date "2022.09.21"]
[Round "10"]
[White "Shenker, Angelina"]
[Black "Gerasimova, Olga"]
[Result "1-0"]
[WhiteElo "1758"]
[BlackElo "1853"]
[PlyCount "65"]
[EventDate "2022.09.12"]
[EventType "swiss"]
[EventRounds "10"]
[EventCountry "RUS"]
[SourceTitle "CBM 210 Extra"]
[Source "ChessBase"]
[SourceDate "2022.11.30"]
[SourceVersion "1"]
[SourceVersionDate "2022.11.30"]
[SourceQuality "1"]

1. d4 Nf6 2. Nf3 d5 3. c4 e6 4. g3 c5 5. cxd5 exd5 6. Bg2 cxd4 7. Nxd4 Nc6 8. 0-0 Bc5 9. Nxc6 bxc6 10. Qc2 Qb6 11. Nc3 Be7 12. Na4 Qb5 13. Nc3 Qc5 14. Be3 Qd6 15. Na4 0-0 16. Rac1 Ba6 17. Nc5 Bc8 18. Nb3 Ba6 19. Rfe1 Bb5 20. Nd4 Qd7 21. Nxc6 Bd6 22. Nd4 Rac8 23. Qb1 Rb8 24. Nxb5 Qxb5 25. Bxa7 Rb7 26. Bd4 Bb4 27. Red1 Qxe2 28. Bxf6 gxf6 29. Qc2 Re7 30. Bxd5 Qb5 31. Bc4 Qe5 32. Rd5 Qb8 33. Rh5 1-0

[Event "Cheliabinsk Panchenko Memorial op-B"]
[Site "Cheliabinsk"]
[Date "2022.09.20"]
[Round "9"]
[White "Miftakhova, Azalia"]
[Black "Shenker, Angelina"]
[Result "1/2-1/2"]
[WhiteElo "1511"]
[BlackElo "1758"]
[PlyCount "72"]
[EventDate "2022.09.12"]
[EventType "swiss"]
[EventRounds "10"]
[EventCountry "RUS"]
[SourceTitle "CBM 210 Extra"]
[Source "ChessBase"]
[SourceDate "2022.11.30"]
[SourceVersion "1"]
[SourceVersionDate "2022.11.30"]
[SourceQuality "1"]

1. e4 c5 2. Nf3 e6 3. d4 cxd4 4. Nxd4 Nf6 5. Nc3 Nc6 6. Nxc6 bxc6 7. e5 Nd5 8. Ne4 Qc7 9. f4 Rb8 10. a3 Qb6 11. c4 Ne3 12. Qd3 Nxf1 13. Rxf1 Ba6 14. Rf2 Qb3 15. Qxb3 Rxb3 16. Rc2 Be7 17. Kf2 f6 18. exf6 gxf6 19. Be3 f5 20. Nd2 Rb7 21. b4 Kf7 22. Nb3 Rc7 23. Rd1 Rhc8 24. Bc5 d5 25. Bxe7 Kxe7 26. c5 Bb5 27. Rc3 Ba4 28. Re1 Bxb3 29. Rxb3 Kf7 30. Rh3 Rh8 31. Rh6 Re7 32. Re5 a6 33. Ke3 a5 34. bxa5 Ra8 35. Rxh7+ Kf6 36. Rh6+ Kf7 1/2-1/2

[Event "Cheliabinsk Panchenko Memorial op-B"]
[Site "Cheliabinsk"]
[Date "2022.09.19"]
[Round "8"]
[White "Shenker, Angelina"]
[Black "Melkozerova, Ulyana"]
[Result "0-1"]
[WhiteElo "1758"]
[BlackElo "1379"]
[PlyCount "68"]
[EventDate "2022.09.12"]
[EventType "swiss"]
[EventRounds "10"]
[EventCountry "RUS"]
[SourceTitle "CBM 210 Extra"]
[Source "ChessBase"]
[SourceDate "2022.11.30"]
[SourceVersion "1"]
[SourceVersionDate "2022.11.30"]
[SourceQuality "1"]

1. d4 d5 2. c4 e6 3. Nf3 c5 4. cxd5 exd5 5. Nc3 Nc6 6. g3 Nf6 7. Bg2 cxd4 8. Nxd4 Qb6 9. Nxc6 bxc6 10. 0-0 Be7 11. Qc2 0-0 12. Be3 Qb7 13. Na4 Bg4 14. Rac1 Rac8 15. Bc5 Rfe8 16. e3 Bh5 17. Bxe7 Qxe7 18. Nc5 Bg6 19. Qa4 h5 20. Rc3 Rb8 21. b3 Rb6 22. Rfc1 Rc8 23. Qh4 Qd6 24. Qa4 Qe7 25. Bh3 Rd8 26. Qd4 a5 27. Nd3 Qb7 28. Nc5 Qb8 29. a3 Ne4 30. Nxe4 Bxe4 31. Rxc6 Rxc6 32. Rxc6 Qxb3 33. Qc3 Qd1+ 34. Bf1 Qf3 0-1

[Event "Cheliabinsk Panchenko Memorial op-B"]
[Site "Cheliabinsk"]
[Date "2022.09.13"]
[Round "2"]
[White "Shenker, Angelina"]
[Black "Khachatryan, Anna"]
[Result "0-1"]
[WhiteElo "1758"]
[BlackElo "2105"]
[PlyCount "55"]
[EventDate "2022.09.12"]
[EventType "swiss"]
[EventRounds "10"]
[EventCountry "RUS"]
[SourceTitle "CBM 210 Extra"]
[Source "ChessBase"]
[SourceDate "2022.11.30"]
[SourceVersion "1"]
[SourceVersionDate "2022.11.30"]
[SourceQuality "1"]

1. d4 Nf6 2. Nf3 c5 3. c4 g6 4. g3 Bg7 5. Bg2 0-0 6. 0-0 d6 7. Nc3 Nc6 8. dxc5 dxc5 9. Bf4 Nh5 10. Be3 Nd4 11. Na4 Bf5 12. Nxc5 Nc2 13. Qxd8 Raxd8 14. Rad1 Nxe3 15. fxe3 Rc8 16. Nxb7 Rxc4 17. Nd4 Bg4 18. Rd2 Bh6 19. Kf2 Nf6 20. b3 Rc3 21. Rd3 Rc7 22. h3 Bxh3 23. Bxh3 Rxb7 24. Rc1 Nd5 25. Kg2 Rd8 26. Nc6 Rd6 27. Bg4 Rc7 28. Bf3 0-1

[Event "Moscow op (Women) 17th"]
[Site "Moscow"]
[Date "2021.02.23"]
[Round "4"]
[White "Shenker, Angelina"]
[Black "Goltseva, Ekaterina"]
[Result "0-1"]
[WhiteElo "1652"]
[BlackElo "2295"]
[PlyCount "66"]
[EventDate "2021.02.20"]
[EventType "swiss"]
[EventRounds "9"]
[EventCountry "RUS"]
[SourceTitle "CBM 200 Extra"]
[Source "ChessBase"]
[SourceDate "2021.03.31"]
[SourceVersion "1"]
[SourceVersionDate "2021.03.31"]
[SourceQuality "1"]

1. d4 Nf6 2. Nf3 d5 3. g3 e6 4. Bg2 c5 5. c4 cxd4 6. Nxd4 e5 7. Nf3 d4 8. 0-0 Nc6 9. e3 Be7 10. exd4 exd4 11. a3 a5 12. Qd3 0-0 13. Rd1 Bg4 14. h3 Bh5 15. Bf4 Qb6 16. Rd2 Bg6 17. Qe2 Ne4 18. Rd1 Bc5 19. Kh2 Rfe8 20. Qf1 Qxb2 21. Nbd2 Nc3 22. Re1 d3 23. Nh4 Re2 24. Rxe2 dxe2 25. Qc1 Qxc1 26. Rxc1 Nd1 27. Ndf3 Bxa3 28. Ra1 Bb2 29. Ra2 Bb1 30. Rxb2 Nxb2 31. Ne1 a4 32. Bf3 a3 33. Bxe2 a2 0-1

[Event "Moscow op (Women) 17th"]
[Site "Moscow"]
[Date "2021.02.22"]
[Round "3"]
[White "Gutkovich, Polina"]
[Black "Shenker, Angelina"]
[Result "0-1"]
[WhiteElo "2061"]
[BlackElo "1652"]
[PlyCount "60"]
[EventDate "2021.02.20"]
[EventType "swiss"]
[EventRounds "9"]
[EventCountry "RUS"]
[SourceTitle "CBM 200 Extra"]
[Source "ChessBase"]
[SourceDate "2021.03.31"]
[SourceVersion "1"]
[SourceVersionDate "2021.03.31"]
[SourceQuality "1"]

1. d4 Nf6 2. Nf3 g6 3. Nbd2 d5 4. e3 Bg7 5. Bd3 0-0 6. b3 c5 7. Bb2 cxd4 8. exd4 Nc6 9. a3 Nh5 10. g3 Bh3 11. Ng5 Bd7 12. Nxh7 Re8 13. Ng5 e5 14. h4 e4 15. Be2 e3 16. Ndf3 Qc7 17. Ne5 Nxe5 18. Bxh5 gxh5 19. dxe5 Bxe5 20. Qxh5 exf2+ 21. Kd2 Bf5 22. Qxf7+ Qxf7 23. Nxf7 Kxf7 24. Bxe5 Rxe5 25. Rh2 Rc8 26. c3 Rg8 27. Rxf2 Rxg3 28. Rh1 Rd3+ 29. Kc1 Rxc3+ 30. Kb2 Rg3 0-1

[Event "Wch-ch U10 Girls rapid"]
[Site "Minsk"]
[Date "2019.08.17"]
[Round "6"]
[White "Fedorova, Olesya"]
[Black "Shenker, Angelina"]
[Result "1-0"]
[WhiteElo "1557"]
[BlackElo "1294"]
[PlyCount "59"]
[EventDate "2019.08.16"]
[EventType "swiss (rapid)"]
[EventRounds "9"]
[EventCountry "BLR"]
[SourceTitle "EXT 2020"]
[Source "ChessBase"]
[SourceDate "2019.10.17"]
[SourceVersion "1"]
[SourceVersionDate "2019.10.17"]
[SourceQuality "1"]

1. e4 c6 2. d4 d5 3. exd5 cxd5 4. Bd3 Nc6 5. c3 Qc7 6. Nf3 Bg4 7. 0-0 e6 8. Be3 Bd6 9. h3 Bh5 10. Nbd2 Nge7 11. Qc2 Bg6 12. Bxg6 Nxg6 13. Nb3 0-0 14. Nc1 Bf4 15. Nd3 Bxe3 16. fxe3 Rac8 17. Rae1 Na5 18. e4 Nc4 19. e5 f6 20. exf6 Rxf6 21. Nc5 Re8 22. b3 Nd6 23. Ng5 Rxf1+ 24. Rxf1 Qc8 25. Re1 Nb5 26. Rxe6 Rxe6 27. Ncxe6 Qxc3 28. Qf2 Qc8 29. Qf7+ Kh8 30. Qxg7# 1-0

[Event "RUS-chT U11 Girls"]
[Site "Sochi"]
[Date "2019.05.06"]
[Round "6.2"]
[White "Shenker, Angelina"]
[Black "Niyazova, Violetta"]
[Result "1-0"]
[WhiteElo "1356"]
[BlackElo "1018"]
[PlyCount "73"]
[EventDate "2019.05.10"]
[EventType "team-tourn"]
[EventRounds "9"]
[EventCountry "RUS"]
[SourceTitle "EXT 2022"]
[Source "ChessBase"]
[SourceDate "2021.10.06"]
[SourceVersion "1"]
[SourceVersionDate "2021.10.06"]
[SourceQuality "1"]

1. d4 d5 2. c4 e6 3. Nc3 Be7 4. cxd5 exd5 5. Bf4 Nf6 6. e3 0-0 7. Bd3 c6 8. Qc2 Re8 9. Nge2 Nbd7 10. 0-0 Nb6 11. f3 g6 12. e4 Nh5 13. Be3 Bd7 14. e5 Bf8 15. f4 Rc8 16. f5 Kg7 17. g4 Nf6 18. Bg5 Be7 19. Bxf6+ Bxf6 20. exf6+ Qxf6 21. fxg6 Qg5 22. Rxf7+ Kg8 23. Bf5 Bxf5 24. Qxf5 Qxf5 25. gxf5 hxg6 26. fxg6 Re6 27. Rxb7 Rxg6+ 28. Kh1 Nc4 29. b3 Ne3 30. Rxa7 Ng4 31. h3 Nf2+ 32. Kh2 Rf8 33. Rg1 Rxg1 34. Nxg1 Re8 35. Ra6 Re6 36. Nxd5 Re4 37. Nf6+ 1-0

[Event "RUS-chT U11 Girls"]
[Site "Sochi"]
[Date "2019.05.01"]
[Round "1.2"]
[White "Niyazova, Violetta"]
[Black "Shenker, Angelina"]
[Result "0-1"]
[WhiteElo "1018"]
[BlackElo "1356"]
[PlyCount "76"]
[EventDate "2019.05.10"]
[EventType "team-tourn"]
[EventRounds "9"]
[EventCountry "RUS"]
[SourceTitle "EXT 2022"]
[Source "ChessBase"]
[SourceDate "2021.10.06"]
[SourceVersion "1"]
[SourceVersionDate "2021.10.06"]
[SourceQuality "1"]

1. d4 Nf6 2. Nc3 d5 3. Bf4 g6 4. e3 Bg7 5. Nf3 0-0 6. Be2 Nbd7 7. 0-0 c5 8. b3 b6 9. Re1 Bb7 10. Bd3 Rc8 11. Qe2 cxd4 12. Nd1 dxe3 13. Nxe3 Ne4 14. Rac1 Bb2 15. c4 Bxc1 16. Rxc1 Ndf6 17. Bxe4 Nxe4 18. Qb2 Nf6 19. Rd1 Qd7 20. cxd5 Rfd8 21. Bh6 Rc5 22. Ne5 Qe8 23. N5g4 Nh5 24. Bf4 f6 25. Bh6 Qf7 26. Bg5 Qe8 27. d6 Rxg5 28. b4 Rxd6 29. Qb3+ Kg7 30. Re1 Qc6 31. Nf5+ Kf8 32. Nfe3 Rxg4 33. f3 Rgd4 34. Ng4 Rxg4 35. Qe3 Re6 36. Qh6+ Kg8 37. Rd1 Rxg2+ 38. Kh1 Rd6 0-1